Paper Mario: The Origami King Weapons and Items - Statistics

General Stats
  • This quiz has been taken 13 times
  • The average score is 15 of 29
Answer Stats
Attack % Correct
Hammer
91%
Fire Flower
82%
Iron Boots
82%
Boots
73%
Ice Flower
73%
Legendary Hammer
73%
POW Block
73%
Shiny Boots
73%
Shiny Hammer
73%
Legendary Boots
64%
Mushroom
64%
Hurlhammer
55%
Legendary Iron Boots
55%
Shiny Iron Boots
55%
1-Up Mushroom
45%
Flashy Boots
45%
Flashy Hammer
45%
Flashy Iron Boots
45%
Shiny Hurlhammer
45%
Shiny Mushroom
45%
Gold Boots
36%
Gold Hammer
36%
Tail
36%
Fire Hammer
27%
Flashy Mushroom
27%
Ice Hammer
27%
Shiny Fire Flower
27%
Shiny Ice Flower
27%
Shiny Tail
18%
No matching quizzes found
Score Distribution
Percent of People with Each Score
Percentile by Number Answered
Your Score History
You have not taken this quiz